| 000 | 00341nam a2200133 4500 | ||
|---|---|---|---|
| 005 | 20260530113846.0 | ||
| 100 | 1 |
_aDansk Design Center _930785 |
|
| 245 | 1 | 0 | _aProfession DESIGNER |
| 264 | 1 |
_bDanish Design Centre _c1997 |
|
| 300 | _a200 páginas | ||
| 336 |
_atexto _2rdacontent |
||
| 337 |
_asin medio _2rdamedia |
||
| 338 |
_avolumen _2rdacarrier |
||
| 999 |
_c11311 _d11311 |
||